| 000 | 00682cam a22002411 4500 | ||
|---|---|---|---|
| 001 | sa 65006489 | ||
| 003 | DLC | ||
| 005 | 20260227112142.0 | ||
| 008 | 890807s1963 ii h 000 0 sano | ||
| 010 | _asa 65006489 | ||
| 035 | _a(OCoLC)20138967 | ||
| 040 |
_aDLC _cWaU _dDLC |
||
| 042 | _apremarc | ||
| 050 | 0 | 0 |
_aPK3798.K7185 _bP3 1963 |
| 100 | 0 |
_aKṛṣṇabhaṭṭa, _dactive 14th century. |
|
| 245 | 1 | 0 | _aPadārtharatnamañjūṣā. |
| 260 | _c1963. | ||
| 300 |
_a7, 48 p. _bfacsim. _c24 cm. |
||
| 440 | 0 |
_aRājasthāna puratana granthamālā ; _vno. 38 |
|
| 500 | _aIn Sanskrit; introd. in Hindi. | ||
| 650 | 0 |
_aVaiśeṣika _vPoetry. |
|
| 700 | 0 |
_aJinavijaya, _cMuni. |
|
| 999 |
_c64679 _d64679 |
||